00855cam a2200253u 4500001001300000003000400013005001700017008004100034010001700075040001900092043001200111050002300123110006800146245004600214260002400260300001800284500008900302650004300391650003400434700003100468700005500499700003000554999001700584e 25000028 DLC20260227111216.0880804s1924 ilu 000 0 eng  ae 25000028  aDLCcCarPdDLC an-us-il00aL142b.B35 no. 1891 aIllinois.bDepartment of public instruction. [from old catalog]10aStandards for recognized high schools ... a[Springfieldc1924] a32 p.c23 cm. aAt head of title: State of Illinois. Office of superintendent of public instruction. 0aHigh schoolsxAccreditationzIllinois. 4aAccredited schoolszIllinois.1 aHanna, John Calvin,d1855-1 aThrasher, Harry Maxwell,d1886- [from old catalog]1 aMoore, R. L.q(Roy Lewis) c20735d20735